Sports Quiz

Random Sports or NBA Quiz

Obscure Knowledge - NBA Teams Quiz Stats

 Plays Quiz Updated Mar 4, 2019

Support Sporcle.
Go Orange.
Score 0/30 Timer 02:00
15 Plays Today
Percent Guessed Team % Correct
95.3%???
100%
94.1%???
95.2%
93.0%???
94.5%
91.2%???
93.8%
89.8%???
92.9%
88.5%???
92.1%
88.3%???
91.2%
87.5%???
88.7%
87.4%???
88%
86.2%???
87.3%
85.1%???
86%
84.4%???
82.6%
84.2%???
81.1%
83.9%???
79.5%
83.6%???
79.3%
Percent Guessed Team % Correct
83.0%???
78.4%
82.7%???
75.8%
80.4%???
72.6%
79.8%???
66.9%
79.7%???
64.9%
79.0%???
60.2%
78.7%???
59.3%
78.6%???
52.6%
78.0%???
49.9%
77.9%???
47.5%
77.1%???
39.5%
76.6%???
34.6%
76.3%???
30.8%
76.0%???
26.3%
70.9%???
18.7%

You're not logged in!

Compare scores with friends on all Sporcle quizzes.
OR
Log In

From the Vault

Extinct Animals by Picture

by Hejman

Poor unicorns, they just never had a chance.
Remove Ads.
Support Sporcle.
Get the best of Sporcle when you Go Orange. This ad-free experience offers more features, more stats, and more fun while also helping to support Sporcle. Thank you for becoming a member.

Show Comments

Extras

Top Quizzes Today


Score Distribution

Your Account Isn't Verified!

In order to create a playlist on Sporcle, you need to verify the email address you used during registration. Go to your Sporcle Settings to finish the process.

Report this User

Report this user for behavior that violates our Community Guidelines.

Details: